000 00211 a2200097 4500
001 23660
100 _aValid, S.A
245 _aThoughts and reflections of Iqbal
260 _a
_bAshraf
_c
090 _c16040
_d16040
942 _aNUST-CAE
_cM
_c6715
999 _c258733
_d258733